| 000 | 00710nam a22002175i 4500 | ||
|---|---|---|---|
| 001 | 176247 | ||
| 003 | ES-MaACL | ||
| 005 | 20250822061909.0 | ||
| 008 | 101228s1956 sp |||| | spa d | ||
| 080 | _a821.134.2-311.2"15" | ||
| 100 | 1 |
_aAlemán, Mateo. _919715 |
|
| 245 | 1 | 0 |
_aGuzmán de Alfarache. _nV / _cMateo Alemán ; edición y notas de Samuel Gili y Gaya. |
| 260 |
_aMadrid : _bEspasa-Calpe, _cimp. 1956. |
||
| 300 |
_a209 p. ; _c20 cm. |
||
| 490 | 1 |
_aClásicos castellanos ; _v114 |
|
| 500 | _aÍndice. | ||
| 700 | 1 |
_aGili Gaya, Samuel. _956938 |
|
| 830 | 0 | 0 |
_aClásicos castellanos (Espasa-Calpe) _v114 _9183802 |
| 852 |
_aES-MaACL _jE-13911 _xOlim P-94 |
||
| 999 |
_c176247 _d176247 |
||